| 000 | 00380nam a2200157Ia 4500 | ||
|---|---|---|---|
| 008 | 230312s9999||||xx |||||||||||||| ||und|| | ||
| 020 | _a0-19-597131-6 | ||
| 082 |
_a820 _bFOU-T |
||
| 100 | _aFoulds;David | ||
| 245 | 0 | _aTales from the Arabian Nights | |
| 260 |
_bOxford _aChina _c2005 |
||
| 300 | _a60 | ||
| 546 | _aEng. | ||
| 650 |
_aLiterature _vEnglish Literature |
||
| 942 | _cBK | ||
| 999 |
_c9378 _d9378 |
||